000 00852nam a2200253Ia 4500
003 OSt
005 20220930090906.0
006 a|||||r|||| 00| 0
007 ta
008 220926b |||||||| |||| 00| 0 eng d
024 _a3102
037 _cTheses
040 _aCRL
_cCRL
_beng
041 _2eng
_aeng
100 _aDevasia M A Au.
_9544006
110 _aUniversity of Delhi. Faculty of Arts. Department of Philosophy
_978394
245 0 _aHermeneutic understanding and meaning in religious language
_b An elucidation with reference to adi samkara, wittgenstein and derrida
260 _c2011
650 _aPHILOSOPHY
700 _a Chaturvedi Vibha Gu.
_9544007
700 _aUniversity of Delhi. Faculty of Arts. Department of Philosophy
_978395
942 _cDIS
_2CC
999 _c881320
_d881320